[Event "Bled op"]
[Site "Bled"]
[Date "1995.??.??"]
[Round "6"]
[White "Valenti, Giuseppe"]
[Black "Kolar, Srecko"]
[Result "0-1"]
[WhiteElo "2260"]
[BlackElo "2215"]

1.e4 e5 2.Nf3 Nc6 3.Bb5 a6 4.Ba4 Nf6 5.O-O b5 6.Bb3 Bb7 7.Re1 Bc5 8.c3 d6
9.d4 Bb6 10.a4 O-O 11.axb5 axb5 12.Rxa8 Qxa8 13.Bg5 Nd7 14.Na3 Na7 15.Qd3 h6
16.Bh4 exd4 17.cxd4 Re8 18.Bc2 Nf8 19.d5 Ng6 20.Bg3 Qd8 21.Nb1 Ne5 22.Bxe5 dxe5
23.Qc3 Qf6 24.Nbd2 Nc8 25.Bd3 Nd6 26.Qb3 g5 27.Re2 Ra8 28.Nf1 g4 29.Ne1 Ra1
30.Nc2 Rc1 31.Ne3 Bc8 32.Qb4 Bd7 33.Qd2 Ra1 34.Nc2 Ra4 35.b3 Ra2 36.Qd1 Kh7
37.Nce3 Ra7 38.Rc2 Qf4 39.g3 Qg5 40.Rc1 Ra8 41.Ra1 Rxa1 42.Qxa1 h5 43.Qc3 f6
44.Ng2 Qg8 45.Nh4 Qa8 46.Qc2 Nf7 47.Qe2 Qa5 48.Kg2 Qb4 49.Bc2 Ng5 50.Ne3 Qc3
51.Nd1 Qc5 52.Ne3 Qd4 53.Qd3 Qb2 54.Nd1 Qc1 55.Qe2 Nh3 56.f3 gxf3+ 57.Nxf3 Bg4
58.Qd3 Kg7 59.Ne1 Ng5 60.h4 Nf7 61.Nf3 Nd6 62.Nh2 Bd7 63.Nf3 b4 64.Qd2 Qa3
65.Ne3 Qa5 66.Nh2 Qc5 67.Nhf1 Be8 68.Kf3 Bg6 69.Qd1 Nb5 70.Bd3 Nc3 71.Qc2 Qd4
72.Nc4 Nxd5 73.Nxb6 cxb6 74.Qc4 Qxc4 75.Bxc4 Nc3 76.Bd3 Bf7 77.Nd2 b5 78.Ke3 Kf8
79.Kf3 Be6 80.Ke3 Ke7 81.Bc2 Kd6  0-1

[Event "Bled op"]
[Site "Bled"]
[Date "1995.??.??"]
[Round "9"]
[White "Spiel, Marianne"]
[Black "Petek, Pavel"]
[Result "1/2-1/2"]
[WhiteElo "2220"]
[BlackElo "2085"]

1.e4 e5 2.Nf3 Nc6 3.Bb5 a6 4.Ba4 Nf6 5.O-O b5 6.Bb3 Bb7 7.Re1 Bc5 8.c3 d6
9.d4 Bb6 10.Bg5 h6 11.Bh4 g5 12.Bg3 O-O 13.dxe5 Nxe5 14.Nxe5 dxe5 15.Nd2 Qe7
16.Qe2 Rad8 17.Rad1 Rd6 18.Kh1 Rfd8 19.f3 Nh5 20.Nf1 Nf4 21.Bxf4 gxf4 22.Rxd6 Rxd6
23.a4 Rg6 24.axb5 Qc5 25.Nd2 axb5 26.Nb1 Bc8 27.Qf1 Qe7 28.Rd1 Qh4 29.Na3 Rg5
30.h3 Rg3 31.Kh2 Rxh3+ 32.gxh3 Qg3+ 33.Kh1 Bxh3 34.Qg1 Bxg1 35.Rxg1 c6 36.Nc2 h5
37.Rxg3+ fxg3 38.Ne3 Kg7 39.Bd1 Kf6 40.Be2 Kg5 41.c4 Kf4 42.Ng2+ Bxg2+ 43.Kxg2 b4
44.c5 h4 45.Bd1 Ke3 46.Ba4 Kf4  1/2-1/2

[Event "Budapest FS07 IM-B"]
[Site "Budapest"]
[Date "1995.??.??"]
[Round "?"]
[White "Mueller, A."]
[Black "Yip, Michael"]
[Result "1/2-1/2"]
[WhiteElo "2185"]
[BlackElo "2090"]

1.e4 e5 2.Nf3 Nc6 3.Bb5 a6 4.Ba4 Nf6 5.O-O b5 6.Bb3 Bb7 7.Re1 Bc5 8.c3 d6
9.d4 Bb6 10.a4 O-O 11.d5 Ne7 12.Be3 Bxe3 13.Rxe3 h6 14.c4 c6 15.dxc6 Bxc6
16.Nc3 b4 17.Nd5 Nexd5 18.cxd5 Bb7 19.a5 Rc8 20.Qd2 Ng4 21.Ree1 f5 22.exf5 Rxf5
23.Re4 Nf6 24.Rxb4 Ba8 25.Rb6 Rc5 26.Rxa6 Bxd5 27.Bxd5+ Rxd5 28.Qb4 Kh7 29.Qb7 Rd3
30.Ra8 Qd7 31.Qxd7 Nxd7 32.Kf1 e4 33.Nh4 Rb5 34.Ra2 Rd2 35.Rd8 Ne5 36.Ke1 Rdxb2
37.Rxb2 Rxb2 38.Rxd6 Nd3+ 39.Kd1 Nxf2+ 40.Kc1 Ra2 41.a6 Nd3+ 42.Kb1 Ra5  1/2-1/2

[Event "Budapest FS03 IM-A"]
[Site "Budapest"]
[Date "1995.??.??"]
[Round "9"]
[White "Coppini, Giorgio"]
[Black "Svensson, Leif"]
[Result "0-1"]
[WhiteElo "2255"]
[BlackElo "2255"]

1.e4 e5 2.Nf3 Nc6 3.Bb5 a6 4.Ba4 Nf6 5.O-O b5 6.Bb3 Bb7 7.d4 Nxd4 8.Bxf7+ Kxf7
9.Nxe5+ Kg8 10.Qxd4 c5 11.Qd1 Qe8 12.Bf4 Nh5 13.g3 Nxf4 14.gxf4 d6 15.Nd3 c4
16.Ne1 Qxe4 17.f3 Qxf4 18.Ng2 Qf7 19.Nc3 d5 20.Ne2 Bc5+ 21.Nd4 h5 22.c3 h4
23.Qd2 h3 24.Ne3 Rh6 25.Kh1 Rg6 26.Rf2 Rf8 27.Raf1 Qf4 28.Re1 Bd6 29.Qc2 Rff6
30.Nef5 Rg5 31.Nxd6 Qxd6 32.Re8+ Kf7 33.Rfe2 Rg2 34.R8e7+ Qxe7 35.Rxe7+ Kxe7
36.Qc1 Kf7 37.f4 Bc8 38.Nf3 Bf5 39.Ng5+ Kg6 40.Qe3 Re6 41.Nxe6 Be4 42.f5+ Kxf5
43.Nd4+ Kg4 44.Nf3 Bxf3 45.Qe6+ Kf4 46.Qd6+ Ke3 47.Qc5+ Ke2  0-1

[Event "Buenos Aires Clarin op"]
[Site "Buenos Aires"]
[Date "1995.??.??"]
[Round "7"]
[White "Sorokin, Maxim"]
[Black "Slipak, Sergio"]
[Result "1-0"]
[WhiteElo "2535"]
[BlackElo "2450"]

1.e4 e5 2.Nf3 Nc6 3.Bb5 a6 4.Ba4 Nf6 5.O-O b5 6.Bb3 Bb7 7.d3 Bc5 8.a4 d6
9.Nc3 b4 10.Ne2 Qd7 11.Ng3 g6 12.c3 h6 13.d4 Bb6 14.d5 Na5 15.Ba2 b3 16.Bxb3 Nxb3
17.Qxb3 a5 18.c4 Rb8 19.Be3 Ba6 20.Qc3 Qe7 21.c5 Bxc5 22.Bxc5 Bxf1 23.Ba3 Ba6
24.Qc6+ Nd7 25.Qxa6 Nb6 26.b3 O-O 27.Qxa5 f5 28.Qc3 fxe4 29.Nxe4 Rf4 30.Qd3 Qf7
31.Bc1 Nxd5 32.Bxf4 Nxf4 33.Qc2 Rxb3 34.a5 Rb7 35.a6 Ra7 36.Qb2 d5 37.Qb8+  1-0

[Event "Canaries olJ U16"]
[Site "?"]
[Date "1995.??.??"]
[Round "?"]
[White "Zudov, Oleg"]
[Black "Thorfinnsson, Bjorn"]
[Result "0-1"]
[WhiteElo "2105"]
[BlackElo "2060"]

1.e4 e5 2.Nf3 Nc6 3.Bb5 a6 4.Ba4 Nf6 5.O-O b5 6.Bb3 Bb7 7.Re1 Bc5 8.c3 d6
9.d4 Bb6 10.a4 O-O 11.Na3 h6 12.axb5 axb5 13.d5 Ne7 14.Be3 Bxe3 15.Rxe3 c6
16.dxc6 Bxc6 17.Bc2 Ng6 18.Qd2 Qb6 19.Ree1 Rfd8 20.Qe3 Qb7 21.Rad1 Nh5 22.Bb3 Nhf4
23.g3 Ne6 24.Bd5 Nc5 25.Bxc6 Qxc6 26.Nc2 Qd7 27.Nb4 Rac8 28.Kg2 f5 29.exf5 Qxf5
30.Rd2 Rd7 31.Red1 Ne4 32.Rd5 Rf8 33.Rxb5 Rdf7 34.Rd3 Qg4 35.h3 Nh4+ 36.Nxh4 Rxf2+
37.Kg1 Qxh3  0-1

[Event "Cappelle op"]
[Site "Cappelle la Grande"]
[Date "1995.??.??"]
[Round "2"]
[White "Klovans, Janis"]
[Black "Dumitrache, Serban"]
[Result "0-1"]
[WhiteElo "2500"]
[BlackElo "2235"]

1.e4 e5 2.Nf3 Nc6 3.Bb5 a6 4.Ba4 Nf6 5.O-O b5 6.Bb3 Bb7 7.Nc3 Bc5 8.d3 d6
9.a4 b4 10.Ne2 d5 11.exd5 Nxd5 12.Ng3 O-O 13.Re1 f6 14.Ne4 Bb6 15.c4 bxc3
16.bxc3 Kh8 17.Bd2 Qd7 18.Nh4 g5 19.Nf3 Rad8 20.Bc2 Qg7 21.Qb1 g4 22.Nh4 f5
23.Ng3 Bc8 24.d4 Nde7 25.Nhxf5 Nxf5 26.Nxf5 Qf6 27.a5 Ba7 28.dxe5 Nxe5 29.Bf4 Ng6
30.Bxc7 Rd2 31.Bb6 Bxb6 32.axb6 Bb7 33.Be4 Bxe4 34.Qxe4 Qxb6 35.Ne3 Rdxf2
36.Kh1 Qf6 37.Qd4 Ne5 38.Kg1 Rd8 39.Rf1 Rxd4 40.Rxf2 Rf4 41.Nd5 Rxf2 42.Nxf6 Rxf6  0-1

[Event "Cappelle op"]
[Site "Cappelle la Grande"]
[Date "1995.??.??"]
[Round "8"]
[White "Czebe, Attila"]
[Black "Dumitrache, Serban"]
[Result "1-0"]
[WhiteElo "2430"]
[BlackElo "2235"]

1.e4 e5 2.Nf3 Nc6 3.Bb5 a6 4.Ba4 Nf6 5.O-O b5 6.Bb3 Bb7 7.d4 exd4 8.c3 Nxe4
9.Re1 d5 10.Ng5 Be7 11.Rxe4 O-O 12.Qh5 Bxg5 13.Bxg5 f6 14.Bd2 Na5 15.Rh4 Nxb3
16.Qxh7+ Kf7 17.axb3 Qe7 18.Qh5+ Kg8 19.cxd4 Rae8 20.Nc3 c5 21.Nxd5 Qe2 22.Qh7+ Kf7
23.Qh5+ Kg8 24.f3 Qxd2 25.Nxf6+ Rxf6 26.Qxe8+ Rf8 27.Qe6+ Rf7 28.Qe8+ Rf8
29.Rh8+ Kxh8 30.Qxf8+ Kh7 31.Qf5+ Kg8 32.Qe6+ Kh7 33.Re1 Qxd4+ 34.Kh1 Qf4
35.Qh3+ Kg8 36.Re8+ Kf7  1-0

[Event "Ceske Budejovice op"]
[Site "Ceske Budejovice"]
[Date "1995.??.??"]
[Round "7"]
[White "Voitsekhovsky, Stanislav"]
[Black "Potapov, Alexander"]
[Result "0-1"]
[WhiteElo "2500"]
[BlackElo "2375"]

1.e4 e5 2.Nf3 Nc6 3.Bb5 a6 4.Ba4 Nf6 5.O-O b5 6.Bb3 Bb7 7.Re1 Bc5 8.c3 d6
9.d4 Bb6 10.Be3 O-O 11.Nbd2 h6 12.h3 exd4 13.cxd4 Nb4 14.Qb1 c5 15.a3 Nc6
16.d5 Ne7 17.Bc2 Nd7 18.b4 f5 19.bxc5 dxc5 20.d6 f4 21.Qa2+ Kh8 22.Bxc5 Nxc5
23.dxe7 Qxe7 24.Nb3 Ne6 25.a4 Rac8 26.axb5 axb5 27.Bd3 Ng5 28.Nbd2 Rc3 29.Qb1 Qc5
30.Re2 Rd8 31.Bxb5 Rxd2 32.Nxd2 f3 33.Nxf3 Rxf3 34.gxf3 Nxf3+ 35.Kf1 Qg5
36.Rea2 Qg1+ 37.Ke2 Qxf2+ 38.Kd3 Qe3+ 39.Kc4 Ne5+ 40.Kb4 Bc5+ 41.Ka5 Qc3+
42.Ka4 Qd4+  0-1

[Event "CUB-ch"]
[Site "CUB"]
[Date "1995.??.??"]
[Round "7"]
[White "Pupo, Emilio"]
[Black "Valdes, Luis E"]
[Result "1-0"]
[WhiteElo "2320"]
[BlackElo "2340"]

1.e4 e5 2.Nf3 Nc6 3.Bb5 a6 4.Ba4 Nf6 5.O-O b5 6.Bb3 Bb7 7.d3 Bd6 8.a4 O-O
9.Re1 h6 10.Nbd2 Re8 11.c3 Bf8 12.Ba2 b4 13.Nc4 a5 14.Qb3 d6 15.Nb6 cxb6
16.Qxf7+ Kh8 17.Qxb7 Rc8 18.Qf7 Rc7 19.Qb3 g5 20.Be3 Rg7 21.Qc4 Ne7 22.d4 Ng6
23.dxe5 dxe5 24.Rad1 Qb8 25.Qc6 Ng4 26.Bxb6 b3 27.Bxb3 Rc8 28.Qe6  1-0

[Event "RUS-ch"]
[Site "Elista"]
[Date "1995.??.??"]
[Round "10"]
[White "Yemelin, Vasily"]
[Black "Tseshkovsky, Vitaly"]
[Result "0-1"]
[WhiteElo "2500"]
[BlackElo "2540"]

1.e4 e5 2.Nf3 Nc6 3.Bb5 a6 4.Ba4 Nf6 5.O-O b5 6.Bb3 Bb7 7.d3 Be7 8.Nbd2 O-O
9.Re1 d6 10.c3 Na5 11.Bc2 c5 12.Nf1 Re8 13.a3 c4 14.d4 Nc6 15.d5 Na5 16.Ng3 g6
17.Be3 Bc8 18.a4 Ng4 19.Bd2 Qb6 20.Rf1 Bd7 21.h3 Nf6 22.Nh2 Nb7 23.Be3 Nc5
24.f4 exf4 25.Rxf4 Rf8 26.Bd4 Ne8 27.axb5 Qxb5 28.Ng4 Bg5 29.Rf2 f6 30.Rb1 Nb3
31.Bxb3 cxb3 32.Nf1 a5 33.Qf3 Ng7 34.Qg3 Rae8 35.h4 Nh5 36.Qxd6 Bxh4 37.g3 Bxg4
38.gxh4 Rxe4 39.Bxf6 Nxf6 40.Rxf6 Rxf6 41.Qxf6 Qxd5 42.Ng3 Qd3 43.Kh2 Qc2+  0-1

[Event "Finkenstein op"]
[Site "Finkenstein"]
[Date "1995.??.??"]
[Round "5"]
[White "Kronig, G."]
[Black "Kolar, Srecko"]
[Result "0-1"]
[WhiteElo "2075"]
[BlackElo "2230"]

1.e4 e5 2.Nf3 Nc6 3.Bb5 a6 4.Ba4 Nf6 5.O-O b5 6.Bb3 Bb7 7.Re1 Bc5 8.c3 d6
9.h3 h6 10.d4 Bb6 11.d5 Ne7 12.a4 bxa4 13.Bxa4+ Nd7 14.Na3 O-O 15.Nc4 f5
16.Nxb6 cxb6 17.exf5 Nxf5 18.Bc2 Bc8 19.Nh2 Nf6 20.Ng4 Ra7 21.Qd3 Ne7 22.Qg3 Kh8
23.c4 Nf5 24.Qd3 Nd4 25.Nxf6 gxf6 26.Bd1 Rg8 27.Qe3 Rag7 28.Kh1 f5 29.Rg1 f4
30.Qc3 Qh4 31.Bxf4 Qxf4 32.Qe3 Qxe3 33.fxe3 Nf5 34.e4 Ng3+ 35.Kh2 Nxe4  0-1

[Event "BL2-O9495"]
[Site "Germany"]
[Date "1995.??.??"]
[Round "?"]
[White "Pachow, Joerg"]
[Black "Bode, Ulf"]
[Result "0-1"]
[WhiteElo "2295"]
[BlackElo "2240"]

1.e4 e5 2.Nf3 Nc6 3.Bb5 a6 4.Ba4 Nf6 5.O-O b5 6.Bb3 Bb7 7.Re1 Bc5 8.c3 d6
9.d4 Bb6 10.Be3 O-O 11.Nbd2 Qd7 12.h3 Rae8 13.d5 Ne7 14.a4 Bxe3 15.Rxe3 c6
16.c4 cxd5 17.cxd5 Ra8 18.Kh2 Rfc8 19.a5 Ng6 20.Ne1 Kh8 21.g3 Rf8 22.Nd3 Rae8
23.Qf1 Ng8 24.g4 Nf4 25.Nxf4 exf4 26.Rc3 Qd8 27.Qd3 Nf6 28.Bc2 Re5 29.Nf3 Nd7
30.Qd2 Qf6 31.Nxe5 Nxe5 32.f3 b4 33.Rb3 Rc8 34.Rg1 Rc4 35.Bd1 Rd4 36.Qe1 Nd3
37.g5 Qe5 38.Qh4 g6 39.Be2 Nc5 40.Qf2 Nxb3  0-1

[Event "Bundesliga 9495"]
[Site "Germany"]
[Date "1995.??.??"]
[Round "?"]
[White "Unzicker, Wolfgang"]
[Black "Pirrot, Dieter"]
[Result "1-0"]
[WhiteElo "2430"]
[BlackElo "2395"]

1.e4 e5 2.Nf3 Nc6 3.Bb5 a6 4.Ba4 Nf6 5.O-O b5 6.Bb3 Bb7 7.d3 Bc5 8.c3 d6
9.d4 Bb6 10.Re1 h6 11.a4 O-O 12.h3 exd4 13.cxd4 Re8 14.axb5 axb5 15.Rxa8 Qxa8
16.e5 dxe5 17.dxe5 Na5 18.Bxf7+ Kxf7 19.exf6 Bxf3 20.Qd7+  1-0

[Event "BL9596 (Women)"]
[Site "Germany"]
[Date "1995.??.??"]
[Round "?"]
[White "Buervenich, Silvia"]
[Black "Micic, Jordanka"]
[Result "0-1"]
[WhiteElo "2170"]
[BlackElo "2295"]

1.e4 e5 2.Nf3 Nc6 3.Bb5 a6 4.Ba4 Nf6 5.O-O b5 6.Bb3 Bb7 7.Qe2 Bc5 8.a4 O-O
9.axb5 axb5 10.Rxa8 Qxa8 11.Nc3 Nd4 12.Nxd4 exd4 13.Nd5 Nxd5 14.exd5 Bxd5
15.Bxd5 Qxd5 16.Qxb5 d3 17.c4 Qd6 18.b3 c6 19.Qa5 Rb8 20.Re1 Qd4 21.Re3 Qg4
22.f3 Bxe3+ 23.dxe3 Qe6 24.Qc3 Qd6 25.c5 Qd5 26.b4 Ra8 27.Bb2 f6 28.Bc1 Ra2
29.Bd2 Rc2 30.e4 Qa2  0-1

[Event "Hafnarfjordur op"]
[Site "Hafnarfjordur"]
[Date "1995.??.??"]
[Round "4"]
[White "Ulfarsson, Magnus Orn"]
[Black "Thorfinnsson, Bjorn"]
[Result "1-0"]
[WhiteElo "2225"]
[BlackElo "2060"]

1.e4 e5 2.Nf3 Nc6 3.Bb5 a6 4.Ba4 Nf6 5.O-O b5 6.Bb3 Bb7 7.Re1 Bc5 8.c3 d6
9.d4 Bb6 10.Be3 h6 11.h3 g5 12.Nbd2 Qd7 13.a4 g4 14.axb5 axb5 15.Rxa8+ Bxa8
16.dxe5 Bxe3 17.Rxe3 dxe5 18.Nh4 Rg8 19.Nf5 h5 20.Qe2 Ne7 21.Nxe7 Kxe7 22.h4 c5
23.Nf1 c4 24.Bc2 Bb7 25.Qe1 Bc6 26.Qc1 Qd6 27.Ng3 Bd7 28.Re1 Qc5 29.Qd2 Be6
30.Rd1 Qb6 31.Ra1 Qc5 32.Ra6 Bc8 33.Ra8 Qc6 34.Ra7+ Bd7 35.Qe3 Rb8 36.Qg5 Qc5
37.Nf5+ Ke6 38.Nd4+ Ke7 39.Nc6+ Ke6 40.Qf5+ Kd6 41.Qxf6+ Be6 42.Qe7+  1-0

[Event "Wch U20 Girls"]
[Site "Halle"]
[Date "1995.??.??"]
[Round "4"]
[White "Hagarova, Zuzana"]
[Black "Skripchenko, Almira"]
[Result "1-0"]
[WhiteElo "2215"]
[BlackElo "2400"]

1.e4 e5 2.Nf3 Nc6 3.Bb5 a6 4.Ba4 Nf6 5.O-O b5 6.Bb3 Bb7 7.d3 Bc5 8.Nc3 d6
9.a4 Na5 10.Ba2 b4 11.Ne2 b3 12.Bxb3 Nxb3 13.cxb3 h6 14.Ng3 O-O 15.Be3 Bxe3
16.fxe3 a5 17.Qe1 g6 18.Rc1 Ba6 19.Rc3 Kh7 20.Rf2 c5 21.d4 exd4 22.exd4 cxd4
23.Nxd4 Ng4 24.Rd2 Rc8 25.h3 Ne5 26.Qf2 Re8 27.Nde2 Rxc3 28.Nxc3 h5 29.Nd5 Re6
30.Ne2 Bxe2 31.Rxe2 Kg7 32.Rc2 Nd7 33.Qd4+ Kg8 34.b4 axb4 35.Qxb4 Nc5 36.Re2 Qg5
37.Qc4 Qh4 38.Nc3 Qg5 39.Nd5 Qh4 40.Nc3 Qg5 41.Nd1 Kh7 42.a5 Nxe4 43.b4 h4
44.Rxe4 d5 45.Rxh4+ Kg7 46.Qd4+ f6 47.Qa7+ Kg8 48.Qb8+  1-0

[Event "Wch U20"]
[Site "Halle"]
[Date "1995.??.??"]
[Round "11"]
[White "Tzoumbas, Anastasios"]
[Black "Kurniawan, Bobby"]
[Result "1/2-1/2"]
[WhiteElo "2360"]
[BlackElo "2330"]

1.e4 e5 2.Nf3 Nc6 3.Bb5 a6 4.Ba4 Nf6 5.O-O b5 6.Bb3 Bb7 7.Re1 Bc5 8.c3 d6
9.d4 Bb6 10.a4 O-O 11.Bg5 h6 12.Be3 exd4 13.cxd4 Na5 14.d5 Bxe3 15.Rxe3 Nxb3
16.Qxb3 c6 17.dxc6 Bxc6 18.Nc3 Re8 19.axb5 axb5 20.Rd1 Nxe4 21.Nxe4 Rxe4
22.Red3 Qe8 23.h3 b4 24.Rd4 Rxd4 25.Rxd4 Ra1+ 26.Kh2 Bxf3 27.Qxf3 b3 28.Rb4 Qe5+
29.g3  1/2-1/2

[Event "Hastings Masters"]
[Site "Hastings"]
[Date "1995.??.??"]
[Round "3"]
[White "Britton, Richard"]
[Black "Bersoult, Francois"]
[Result "1-0"]
[WhiteElo "2320"]
[BlackElo "2160"]

1.e4 e5 2.Nf3 Nc6 3.Bb5 a6 4.Ba4 Nf6 5.O-O b5 6.Bb3 Bb7 7.d3 Bc5 8.a4 O-O
9.Nc3 Nd4 10.Nxd4 exd4 11.Ne2 d5 12.e5 Ng4 13.Bf4 Re8 14.axb5 axb5 15.Rxa8 Bxa8
16.c3 dxc3 17.d4 Bb6 18.h3 Nxf2 19.Rxf2 cxb2 20.Bc2 c5 21.Qd3 g6 22.Qxb5 cxd4
23.Bd3 Bc7 24.Qxb2 Qb8 25.Qa1 Bxe5 26.Bxe5 Qxe5 27.Qxd4 Bc6 28.Qxe5 Rxe5
29.Nd4 Bd7 30.Re2 f6 31.Nf3 Rxe2 32.Bxe2 Kf7 33.Kf2 Ke7 34.Ke3 Kd6 35.Kd4 h5
36.Nh2 h4 37.Ng4 f5 38.Ne5 Be8 39.Nf3  1-0

[Event "EU-ch U20"]
[Site "Holon"]
[Date "1995.??.??"]
[Round "4"]
[White "Garbisu, Unai"]
[Black "Petek, P."]
[Result "0-1"]
[WhiteElo "2395"]
[BlackElo "2065"]

1.e4 e5 2.Nf3 Nc6 3.Bb5 a6 4.Ba4 Nf6 5.O-O b5 6.Bb3 Bb7 7.Re1 Bc5 8.c3 d6
9.d4 Bb6 10.Be3 O-O 11.Nbd2 exd4 12.cxd4 Na5 13.Bc2 Re8 14.Qb1 h6 15.b3 Ng4
16.Nf1 f5 17.exf5 Bxf3 18.gxf3 Nf6 19.Ng3 Nc6 20.Qb2 Nb4 21.Rac1 Re7 22.Bb1 Nbd5
23.b4 Qf8 24.a3 Rae8 25.Be4 Nxe3 26.fxe3 d5 27.Qb3 Qf7 28.Bb1 Bxd4 29.Nf1 Qh5
30.Be4 Kh7 31.Ng3 Qg5 32.exd4 dxe4 33.Qe3 exf3 34.Qxg5 Rxe1+ 35.Rxe1 Rxe1+
36.Kf2 hxg5 37.Kxe1 g4 38.Kf2 Kh6 39.h4 gxh3 40.Kxf3 Kg5 41.Nf1 Kxf5 42.Ne3+ Ke6
43.Kg3 Nd5 44.Nf1 Nc3 45.Kxh3 Ne2 46.Nd2 Nxd4 47.Ne4 Nc2 48.Nc5+ Kd6 49.Nxa6 Nxa3
50.Kg4 Nc2 51.Kf5 Kc6  0-1

[Event "HUN-chT1"]
[Site "HUN"]
[Date "1995.??.??"]
[Round "?"]
[White "Besztercsenyi, Tibor"]
[Black "Vujosevic, Vladimir"]
[Result "1/2-1/2"]
[WhiteElo "2275"]
[BlackElo "2350"]

1.e4 e5 2.Nf3 Nc6 3.Bb5 a6 4.Ba4 Nf6 5.O-O b5 6.Bb3 Bb7 7.d3 Be7 8.Nc3 O-O
9.a4 b4 10.Nd5 Na5 11.Nxf6+ Bxf6 12.Ba2 c5 13.Be3 Rc8 14.Nd2 d5 15.exd5 Bxd5
16.Nc4 Nxc4 17.Bxc4 Bxc4 18.dxc4 e4 19.Rb1 Qe7 20.Re1 Rcd8 21.Qe2 Rfe8 22.b3 Bc3
23.Red1 Bd4 24.Rd2 Qe5 25.Rbd1 Re6 26.g3 f5 27.Kg2 a5 28.Kf1 h6 29.h4 Kh7
30.Kg2 g6 31.Kf1 Kg7 32.Kg2 Re7 33.Kf1 Rf7 34.Kg2 Rfd7 35.Kf1 Qc7 36.Kg2 Qc6
37.Kg1 Qb6 38.Kg2 Rd6 39.Kg1 Bxe3 40.fxe3 Qc7 41.Kg2 Rxd2  1/2-1/2

[Event "HUN-chT1 9596"]
[Site "HUN"]
[Date "1995.??.??"]
[Round "3"]
[White "Szell, Lajos"]
[Black "Letay, Gyula"]
[Result "0-1"]
[WhiteElo "2270"]
[BlackElo "2265"]

1.e4 e5 2.Nf3 Nc6 3.Bb5 a6 4.Ba4 Nf6 5.O-O b5 6.Bb3 Bb7 7.Re1 Bc5 8.d3 h6
9.c3 d6 10.Nbd2 Ng4 11.d4 Bb6 12.Nf1 Qd7 13.Ne3 exd4 14.cxd4 Nxe3 15.Bxe3 Na5
16.Bc2 Nc4 17.Bc1 c5 18.b3 Na5 19.Bb2 Rg8 20.d5 O-O-O 21.a4 b4 22.Bd3 Kb8
23.Nd2 f6 24.Qe2 Ka7 25.Qh5 Bc8 26.Bc4 Rdf8 27.f4 g6 28.Qf3 g5 29.Rf1 gxf4
30.Qxf4 Bd8 31.Rf2 h5 32.Nf1 Nxc4 33.bxc4 Rg4 34.Qf3 h4 35.Ne3 Rg5 36.Nf5 Qc7
37.Bc1 Bxf5 38.Bxg5 fxg5 39.exf5 Bf6 40.Re1 Bd4 41.Re6 b3 42.f6 b2 43.Qd3 Qb8
44.Qb1 Qb4 45.Re7+ Ka8 46.f7 Qd2 47.Re8+ Kb7 48.Re2 Qxe2  0-1

[Event "Kosice op"]
[Site "Kosice"]
[Date "1995.??.??"]
[Round "?"]
[White "Csolto, Robert"]
[Black "Bzowski, Blazej"]
[Result "1/2-1/2"]
[WhiteElo "2205"]
[BlackElo "2260"]

1.e4 e5 2.Nf3 Nc6 3.Bb5 a6 4.Ba4 Nf6 5.O-O b5 6.Bb3 Bb7 7.Re1 Bc5 8.c3 Ng4
9.Rf1 d6 10.d4 Bb6 11.Bxf7+ Kxf7 12.Ng5+ Kg8 13.Qxg4 Bc8 14.Qd1 Qf6 15.dxe5 dxe5
16.Qd5+ Kf8 17.b3 g6 18.Nf7 Be6 19.Qxc6 Kxf7 20.Nd2 Rad8 21.Nf3 h6 22.Ba3 Rd3
23.Bc5 Bg4 24.Bxb6 Bxf3 25.Qxc7+ Ke6 26.gxf3 Qxf3 27.Rfc1 Qg4+ 28.Kf1 Qh3+
29.Ke1 Qf3 30.Qc6+ Rd6 31.Qc5 Rd3 32.Qc6+ Rd6 33.Qc5 Rd3 34.Qc6+ Rd6  1/2-1/2

[Event "Kurgan"]
[Site "Kurgan"]
[Date "1995.??.??"]
[Round "7"]
[White "Kupreichik, Viktor D"]
[Black "Obukhov, Alexander"]
[Result "1/2-1/2"]
[WhiteElo "2500"]
[BlackElo "2445"]

1.e4 e5 2.Nf3 Nc6 3.Bb5 a6 4.Ba4 Nf6 5.O-O b5 6.Bb3 Bb7 7.d3 Bc5 8.a4 h6
9.Nc3 b4 10.Nd5 Na5 11.Ba2 d6 12.Bd2 Nc6 13.a5 O-O 14.Qe1 Rb8 15.Be3 Nd7
16.Bc4 Bxe3 17.fxe3 Nxa5 18.Rxa5 c6 19.Ne7+ Qxe7 20.Qxb4 Qd8 21.Qe1 Nf6 22.b4 Ra8
23.Qg3 d5 24.Bb3 Qd6 25.exd5 cxd5 26.Qxe5 Qxb4 27.Ra4 Qb6 28.Qd4 Qxd4 29.Nxd4 a5
30.Rfa1 Ng4 31.Nf5 Nf6 32.Rxa5 g6 33.Nd6 Bc6 34.Rxa8 Rxa8 35.Rf1 Kg7 36.e4 Rf8
37.exd5 Nxd5 38.d4 Ne3 39.Rxf7+ Rxf7 40.Nxf7 Nxc2 41.d5 Bb5 42.Nd6 Nd4 43.Bc4 Bd7
44.Kf2 Kf6 45.Ke3 Ke7 46.Nb7 Nf5+ 47.Kd2 Bc8 48.Na5 Kd6 49.Kd3 Kc5 50.g3 Ne7
51.Ke4 Kb4 52.d6 Nf5 53.Ke5 Kxa5 54.Bf7 Kb6 55.Be8 Ne3 56.h4 Nc4+ 57.Kf6 g5
58.hxg5 hxg5 59.d7 Bxd7 60.Bxd7 Ne3 61.Kxg5 Nf1 62.g4 Ne3  1/2-1/2

[Event "Clarin op"]
[Site "La Carlota"]
[Date "1995.??.??"]
[Round "9"]
[White "Pierrot, Facundo"]
[Black "Ginzburg, Maximiliano"]
[Result "1/2-1/2"]
[WhiteElo "2385"]
[BlackElo "2440"]

1.e4 e5 2.Nf3 Nc6 3.Bb5 a6 4.Ba4 Nf6 5.O-O b5 6.Bb3 Bb7 7.Re1 Bc5 8.c3 d6
9.d4 Bb6 10.Be3 h6 11.h3 O-O 12.Nbd2 Re8 13.d5 Ne7 14.a4 c6 15.dxc6 Nxc6
16.axb5 axb5 17.Qe2 Bxe3 18.Qxe3 Na5 19.Bc2 Qc7 20.Nh4 Re6 21.Nf5  1/2-1/2

[Event "Lazne Bohdanec (Women)"]
[Site "Lazne Bohdanec"]
[Date "1995.??.??"]
[Round "?"]
[White "Repkova Eid, Eva"]
[Black "Krupkova, Petra"]
[Result "1-0"]
[WhiteElo "2250"]
[BlackElo "2195"]

1.e4 e5 2.Nf3 Nc6 3.Bb5 a6 4.Ba4 Nf6 5.O-O b5 6.Bb3 Bb7 7.Re1 Bc5 8.c3 O-O
9.d4 Bb6 10.Bg5 h6 11.Bh4 d6 12.a4 g5 13.Bg3 Ne7 14.Qd3 c5 15.axb5 cxd4 16.cxd4 axb5
17.Rxa8 Bxa8 18.dxe5 dxe5 19.Qxb5 Nxe4 20.Nxe5 Nxg3 21.hxg3 Qd4 22.Re2 Bd5
23.Nc3 Bxb3 24.Qxb3 Nf5 25.Kh2 h5 26.Nd5 Bd8 27.Nd7 h4 28.g4 Bc7+ 29.Nxc7 Qxd7
30.Qb6 Rc8 31.Nb5 Ng7 32.Nd6 Rc6 33.Qb8+ Kh7 34.Rd2 Qe6 35.Qb4 Qe5+ 36.g3 hxg3+
37.fxg3 Rc1 38.Nxf7 Qe3 39.Rg2 Ne8 40.Qe4+ Qxe4 41.Nxg5+ Kg6 42.Nxe4 Re1
43.Nc3 Nf6 44.Re2 Rc1 45.Kh3 Rh1+ 46.Kg2 Rh8 47.g5 Kxg5 48.Ne4+ Nxe4 49.Rxe4 Rd8
50.Kf3 Rd2 51.b4 Rb2 52.Re5+ Kf6 53.Rb5 Rb1 54.Kg4  1-0

[Event "Liechtenstein op"]
[Site "Liechtenstein"]
[Date "1995.??.??"]
[Round "4"]
[White "Dutreeuw, Marc"]
[Black "Donev, Ivo Hristov"]
[Result "1/2-1/2"]
[WhiteElo "2380"]
[BlackElo "2385"]

1.e4 e5 2.Nf3 Nc6 3.Bb5 a6 4.Ba4 Nf6 5.O-O b5 6.Bb3 Bb7 7.Re1 Bc5 8.c3 d6
9.d4 Bb6 10.Bg5 h6 11.Bh4 Qe7 12.a4 g5 13.axb5 axb5 14.Rxa8+ Bxa8 15.Bg3 h5
16.h3 h4 17.Bh2 g4 18.hxg4 Nxg4 19.Bd5 h3 20.Bg3 Qf6 21.gxh3 Rxh3 22.Kg2 Rh7
23.Na3 Qh6 24.Rh1 Qxh1+ 25.Qxh1 Rxh1 26.Kxh1 exd4 27.Nxd4 b4 28.Nxc6 bxa3
29.bxa3 Nxf2+ 30.Bxf2 Bxf2 31.Nb8 Ba7 32.Bxa8 Bxb8 33.Kg2 Kd7 34.Kf3 c6 35.Kg4 Bc7
36.Kf5 Ba5 37.c4 Bc3 38.Kf4 Kc7 39.Ke3 Kb6 40.Kd3 Be1 41.Kd4 Bf2+  1/2-1/2

[Event "Ljubljana op"]
[Site "Ljubljana"]
[Date "1995.??.??"]
[Round "6"]
[White "Fucak, Emilijo"]
[Black "Mikhalchishin, Adrian"]
[Result "1/2-1/2"]
[WhiteElo "2300"]
[BlackElo "2505"]

1.e4 e5 2.Nf3 Nc6 3.Bb5 a6 4.Ba4 b5 5.Bb3 Bb7 6.O-O Nf6 7.Re1 Bc5 8.c3 d6
9.a4 h6 10.d4 Bb6 11.axb5 axb5 12.Rxa8 Qxa8 13.dxe5 dxe5 14.Be3 Bxe3 15.Rxe3 O-O
16.Na3 Qa5 17.h3 Qb6 18.Ba2 b4 19.Nc4 Qc5 20.Qb3 Bc8 21.Ncd2 Be6 22.Qa4 Bxa2
23.Qxa2 Rd8 24.Qb3 Nh5 25.cxb4 Qxb4 26.Qxb4 Nxb4 27.g3 Nf6 28.Rc3 Nd3 29.b3 Ne1
30.Rxc7 Nxe4 31.Nxe4 Nxf3+ 32.Kg2 Nd4 33.Rb7  1/2-1/2

[Event "JUG-chT"]
[Site "Nis"]
[Date "1995.??.??"]
[Round "?"]
[White "Zontakh, Andrey"]
[Black "Vujosevic, Vladimir"]
[Result "1-0"]
[WhiteElo "2460"]
[BlackElo "2350"]

1.e4 e5 2.Nf3 Nc6 3.Bb5 a6 4.Ba4 Nf6 5.O-O b5 6.Bb3 Bb7 7.Re1 Bc5 8.c3 d6
9.d4 Bb6 10.Be3 O-O 11.Nbd2 h6 12.h3 Re8 13.d5 Ne7 14.Bxb6 cxb6 15.Bc2 Ng6
16.Bd3 Rc8 17.Bf1 Nd7 18.a4 bxa4 19.Rxa4 b5 20.Ra3 Rf8 21.Nh2 f5 22.exf5 Ne7
23.c4 Nxf5 24.Ng4 b4 25.Rf3 Nc5 26.Qb1 Ne7 27.Ree3 Qd7 28.Ne4 Nf5 29.Nef6+  1-0

[Event "JUG-chT"]
[Site "Nis"]
[Date "1995.??.??"]
[Round "?"]
[White "Knezevic, Bojan"]
[Black "Vujosevic, Vladimir"]
[Result "1/2-1/2"]
[WhiteElo "2390"]
[BlackElo "2350"]

1.e4 e5 2.Nf3 Nc6 3.Bb5 a6 4.Ba4 Nf6 5.O-O b5 6.Bb3 Bb7 7.d3 Be7 8.a4 O-O
9.Bg5 h6 10.Bxf6 Bxf6 11.Nc3 b4 12.Nd5 d6 13.a5 Rb8 14.Bc4 Bc8 15.h3 Na7
16.c3 bxc3 17.bxc3 Nb5 18.Qc2 c6 19.Nb6 Bb7 20.Bxb5 cxb5 21.c4 bxc4 22.Qxc4 Re8
23.Rac1 Qe7 24.Rc2 Red8 25.Rfc1 d5 26.exd5 Qd6 27.Ne1  1/2-1/2

[Event "NLD-chT9596"]
[Site "?"]
[Date "1995.??.??"]
[Round "?"]
[White "Wiersma, Eelke"]
[Black "Klip, Hans"]
[Result "1/2-1/2"]
[WhiteElo "2280"]
[BlackElo "2345"]

1.e4 e5 2.Nf3 Nc6 3.Bb5 a6 4.Ba4 Nf6 5.O-O b5 6.Bb3 Bb7 7.Re1 Bc5 8.c3 d6
9.d4 Bb6 10.Nh4 O-O 11.Nf5 Ne7 12.Bg5 Nxf5 13.exf5 c5 14.d5 c4 15.Bc2 Rc8
16.Qf3 e4 17.Qg3 Bxd5 18.Nd2 Re8 19.Bxe4 Bxe4 20.Bxf6 Qxf6 21.Nxe4 Qe5 22.Qxe5 Rxe5
23.Nxd6 Rcc5 24.Kf1 h5 25.Rxe5 Rxe5 26.Re1 Rd5 27.Re8+ Kh7 28.Ne4 Rxf5  1/2-1/2